=LDR 00000nam 2200000 4500 =001 INLIS000000000047766 =005 20200928092529 =035 ##$$a 0010-021600000000154 =008 200928################g##########0#ind## =020 ##$$a 978-979-25-7255-1 =040 ##$$a NPBDMAT =082 ##$$a 306.3 =090 ##$$a 306/3 $b Ern a =100 ##$$a Ernan Rustiadi =245 1#$$a Agropolitan : $b Strategi pengembangan pusat pertumbuhan pada kawasan pedesaan /$c Ernan Rustiadi, Emil Elestianto Dardak =260 ##$$a Bogor :$b Crestpent Press,$c 2008 =300 ##$$a xxiii, 187 hlm : $b ilus ; $c 22 x 14,5 cm. =500 ##$$a Bibliografi : hlm. 179-181 =500 ##$$a Indeks : hlm. 184-185 =500 ##$$a Biografi: hlm. 186-187 =650 #4$$a Sosio - Ekonomi =700 #$$a Emil Elestianto Dardak =084 ##$$a 306.3 ERN a =250 ##$$a cet. 1 =990 ##$$a 31500470